Countries with purple and Pink in the flag - Statistics

General Stats
  • This quiz has been taken 76 times
  • The average score is 5 of 5
Answer Stats
Picture Answer % Correct
Mexico
100%
Spain
100%
Nicaragua
89%
El Salvador
85%
Dominica
82%
No matching quizzes found
Score Distribution
Percent of People with Each Score
Percentile by Number Answered
Your Score History
You have not taken this quiz